Human resource management (Record no. 6943)

MARC details
000 -LEADER
fixed length control field 00449nam a2200169Ia 4500
008 - FIXED-LENGTH DATA ELEMENTS--GENERAL INFORMATION
fixed length control field 230917s9999||||xx |||||||||||||| ||und||
020 ## - ISBN
Price RS 850.00
040 ## - CATALOGING SOURCE
-- 5006944
Original cataloging agency VIVEKANANDA LIBRARY
041 ## - Language
-- English
082 ## - DDC NUMBER
Classification number 658.3 M311H
100 ## - MAIN ENTRY--PERSONAL NAME
Personal name Mamoria, C B
245 #0 - TITLE STATEMENT
Title Human resource management
260 ## - PUBLICATION, DISTRIBUTION, ETC. (IMPRINT)
Place of publication, distribution, etc Mumbai
Name of publisher, distributor, etc Himalaya Publishing House
Date of publication, distribution, etc 2022
300 ## - PHYSICAL DESCRIPTION
Pages 671 p.
500 ## - GENERAL NOTE
General note 4763 13/12/2022 HBD23/9679 19/01/2023 Main Budget
942 ## - ADDED ENTRY ELEMENTS (KOHA)
Koha item type Books
Holdings
Withdrawn status Lost status Damaged status Not for loan Location (home branch) Sublocation or collection (holding branch) Date acquired Koha issues (times borrowed) Koha full call number Accession No. Koha date last seen Koha item type
        VIVEKANANDA LIBRARY VIVEKANANDA LIBRARY 25/02/2023 4 658.3 M311H 406974 22/12/2025 Books
© Designed and Maintained by Vivekananda Library, MDU Rohtak